Environmental aspects of agricultural development in Bangladesh / (Record no. 1245)
[ view plain ]
| 000 -LEADER | |
|---|---|
| fixed length control field | 00742nam a2200229 a 4500 |
| 003 - CONTROL NUMBER IDENTIFIER | |
| control field | BD-DhJNU |
| 005 - DATE AND TIME OF LATEST TRANSACTION | |
| control field | 20250205055024.0 |
| 008 - FIXED-LENGTH DATA ELEMENTS--GENERAL INFORMATION | |
| fixed length control field | 221127s2000 -uka|||| b||| 001 0 eng d |
| 020 ## - INTERNATIONAL STANDARD BOOK NUMBER | |
| International Standard Book Number | 9840511386 |
| 040 ## - CATALOGING SOURCE | |
| Original cataloging agency | BD-DhJNU |
| Language of cataloging | ENG |
| Transcribing agency | BD-DhJNU |
| Modifying agency | BD-DhJNU |
| 082 ## - DEWEY DECIMAL CLASSIFICATION NUMBER | |
| Classification number | 363.7 ENV |
| Edition number | 23 |
| 245 14 - TITLE STATEMENT | |
| Title | Environmental aspects of agricultural development in Bangladesh / |
| Statement of responsibility, etc. | edited by Salemul Huq, A Atiq Rahman and Gordon R Conway |
| 260 ## - PUBLICATION, DISTRIBUTION, ETC. | |
| Place of publication, distribution, etc. | Dhaka. : |
| Name of publisher, distributor, etc. | The University Press Limited, |
| Date of publication, distribution, etc. | 1990. |
| 300 ## - PHYSICAL DESCRIPTION | |
| Extent | xvi, 188p. : |
| Other physical details | ill : |
| Dimensions | 24 cm |
| 504 ## - BIBLIOGRAPHY, ETC. NOTE | |
| Bibliography, etc. note | Includes index |
| 650 #0 - SUBJECT ADDED ENTRY--TOPICAL TERM | |
| Topical term or geographic name entry element | Agricultural ecology |
| 650 #0 - SUBJECT ADDED ENTRY--TOPICAL TERM | |
| General subdivision | Environmental aspects |
| Geographic subdivision | Bangladesh. |
| 700 ## - ADDED ENTRY--PERSONAL NAME | |
| Personal name | Huq,Saleemul |
| 700 ## - ADDED ENTRY--PERSONAL NAME | |
| Personal name | Rahman, A Atiq |
| 700 ## - ADDED ENTRY--PERSONAL NAME | |
| Personal name | Conway, Gordon R |
| 942 ## - ADDED ENTRY ELEMENTS (KOHA) | |
| Koha item type | Books |
| Withdrawn status | Lost status | Source of classification or shelving scheme | Damaged status | Not for loan | Collection | Home library | Current library | Shelving location | Date acquired | Source of acquisition | Total checkouts | Full call number | Barcode | Date last seen | Copy number | Price effective from | Koha item type |
|---|---|---|---|---|---|---|---|---|---|---|---|---|---|---|---|---|---|
| Dewey Decimal Classification | Non-fiction | Jagannath University Central Library | Jagannath University Central Library | General stacks | 02/05/2025 | Purchased | 363.7 ENV | JNUCL34611 | 02/05/2025 | 1 | 02/05/2025 | Books |